|
|
|
|
| LEADER |
01618nam a22003257a 4500 |
| 001 |
41115 |
| 003 |
BD-DhAAL |
| 005 |
20230511163646.0 |
| 008 |
230412t1996 bg a|||| b||| 001 0 eng d |
| 020 |
|
|
|a 0195877594
|
| 020 |
|
|
|a 9780195877595
|
| 040 |
|
|
|a BD-DhAAL
|d BD-DhAAL
|
| 082 |
|
|
|2 20
|a 338.95
|
| 245 |
|
|
|a Current issues in economic development :
|b an Asian perspective /
|c edited by M.G. Quibria and J.Malcolm Dowling.
|
| 260 |
|
|
|a Hong Kong ;
|a New York :
|b Published for the Asian Development Bank by Oxford University Press,
|c 1996.
|
| 300 |
|
|
|a xix, 409 pages :
|b illustrations ;
|c 25 cm.
|
| 500 |
|
|
|a "The outcome of the Third Asian Development Bank Conference on Development Economics held in Manila on 23-24 November 1994"
|
| 504 |
|
|
|a "The outcome of the Third Asian Development Bank Conference on Development Economics held in Manila on 23-24 November 1994"
|
| 541 |
|
|
|a Donated by Akbar Ali Khan
|e 41115
|
| 650 |
|
|
|a Economic development
|x Congresses.
|9 46386
|
| 650 |
|
|
|a Political corruption
|z Asia.
|
| 651 |
|
|
|a Asia
|x Economic policy
|x Congresses.
|9 54050
|
| 700 |
|
|
|a Quibria, M. G.,
|q (Muhammad Ghulam)
|
| 700 |
|
|
|a Dowling, J. Malcolm
|q (John Malcolm)
|9 54051
|
| 710 |
|
|
|a Asian Development Bank.
|
| 711 |
|
|
|a Asian Development Bank Conference on Development Economics
|9 54052
|
| 852 |
|
|
|a Ayesha Abed Library
|c Akbar Ali Khan Collection
|
| 942 |
|
|
|2 ddc
|c AV
|
| 999 |
|
|
|c 45672
|d 45672
|
| 952 |
|
|
|0 0
|1 0
|2 ddc
|4 0
|6 338_950000000000000_CUR
|7 1
|9 73545
|a BRACUL
|b BRACUL
|c AAKC
|d 2023-04-12
|e Donated by Akbar Ali Khan
|l 0
|o 338.95 CUR
|p 3010041115
|r 2023-04-12
|t 1
|w 2023-04-12
|y BK
|x Price NOT available in book
|